000 00360 a2200157 4500
001 50457
020 _a8526007386
040 _cAnchieta - Bela Vista
100 _aMachado, Ana Maria
240 1 0 _aMaré baixa, maré alta
_lpor
245 1 0 _aMaré baixa, maré alta
300 _a13
362 0 _a2001
650 4 _aLiteratura infanto-juvenil
942 _cBK
999 _c50457
_d50457